Druhá světová válka. II.díl : Jejich nejskvelejší hodina /
Gespeichert in:
| 1. Verfasser: | |
|---|---|
| Format: | Buch |
| Sprache: | Tschechisch |
| Veröffentlicht: |
Praha :
Lidové noviny,
1993
|
| Ausgabe: | 1.vyd. |
| Tags: |
Keine Tags, Fügen Sie das erste Tag hinzu!
|
MARC
| LEADER | 00000nam a22000003a 4500 | ||
|---|---|---|---|
| 001 | stu4536 | ||
| 005 | 20150617225810.7 | ||
| 008 | 930831s1993----xr------------------cze-d | ||
| 020 | |a 80-7106-069-0 | ||
| 040 | |a STU |b slo | ||
| 041 | 0 | |a cze | |
| 044 | |a xr | ||
| 080 | |a 940.53 | ||
| 080 | |a 82-94 | ||
| 080 | |a Churchill | ||
| 100 | 1 | |a Churchill, Winston S |4 aut | |
| 245 | 1 | |a Druhá světová válka. II.díl : |b Jejich nejskvelejší hodina / |c [aut.] Churchill,Winston S | |
| 250 | |a 1.vyd. | ||
| 260 | |a Praha : |b Lidové noviny, |c 1993 | ||
| 300 | |a 618 s | ||
| 996 | |b E78253 |c R*78253 |l RRUM |s A |a 24 |w stu4536_0001 | ||